Statistics for FIFA 23 RANDOM PLAYERS COUNTRY QUIZ #5

Click here to take the quiz!

General Stats

  • This quiz has been taken 19 times
  • The average score is 15 of 20

Answer Stats

HintAnswer% Correct
Ivan PerišićCroatia
100%
Bobby MooreEngland
88%
Matthias GinterGermany
88%
Rafael LeãoPortugal
88%
César AzpilicuetaSpain
88%
XaviSpain
88%
Charles De KetelaereBelgium
82%
GarrinchaBrazil
82%
Robert PirèsFrance
82%
Ferenc PuskásHungary
82%
Takefusa KuboJapan
82%
Iván CórdobaColumbia
76%
William SalibaFrance
71%
Abedi PeléGhana
71%
Luis AlbertoSpain
71%
Tajon BuchananCanada
65%
Mërgim VojvodaKosovo
65%
Jeremie FrimpongNetherlands
65%
Hans VanakenBelgium
53%
André AndréFrance
6%

Score Distribution

Percentile by Number Answered

Percent of People with Each Score

Your Score History

You have not taken this quiz